| LEADER | 01144nam a2200217 4500 | ||
|---|---|---|---|
| 082 | |a 530.076 |b V500TH | ||
| 100 | |a Vũ Thanh Khiết | ||
| 245 | |a Hướng dẫn làm bài tập và ôn tập vật lý 12 nâng cao |c Vũ Thanh Khiết, Nguyễn Đức Thâm, Phạm Quý Tư | ||
| 260 | |a H. |b Giáo dục |c 2008 | ||
| 300 | |a 255 tr. |c 24 cm | ||
| 520 | |a v.v... | ||
| 653 | |a Vật lý | ||
| 653 | |a Lớp 12 | ||
| 653 | |a Bài tập | ||
| 653 | |a Hướng dẫn | ||
| 942 | |2 ddc |c STK0 | ||
| 999 | |c 6754 |d 6754 | ||
| 952 | |0 0 |1 0 |2 ddc |4 0 |6 530_076000000000000_V500TH |7 0 |8 500 |9 63516 |a qbu |b qbu |c D3 |d 2015-01-22 |g 32000 |o 530.076 V500TH |p 6981.c1 |r 0000-00-00 |w 2015-01-22 |y STK0 | ||
| 952 | |0 0 |1 0 |2 ddc |4 0 |6 530_076000000000000_V500TH |7 0 |8 500 |9 63517 |a qbu |b qbu |c D3 |d 2015-01-22 |g 32000 |o 530.076 V500TH |p 6981.c2 |r 0000-00-00 |w 2015-01-22 |y STK0 | ||
| 952 | |0 0 |1 0 |2 ddc |4 0 |6 530_076000000000000_V500TH |7 0 |8 500 |9 63518 |a qbu |b qbu |c D3 |d 2015-01-22 |g 32000 |l 1 |o 530.076 V500TH |p 6981.c3 |r 2017-01-13 |s 2017-01-09 |w 2015-01-22 |y STK0 | ||
| 952 | |0 0 |1 0 |2 ddc |4 0 |6 530_076000000000000_V500TH |7 0 |8 500 |9 63519 |a qbu |b qbu |c D3 |d 2015-01-22 |g 32000 |o 530.076 V500TH |p 6981.c4 |r 0000-00-00 |w 2015-01-22 |y STK0 | ||